000 00464nam a2200169 i 4500
001 102542
003 ES-MaACL
005 20230906183131.0
007 t|
008 051117s1973 sp ||||1| spa d
100 1 _aMerino, Joaquín.
_980518
245 1 0 _aConfidencias -más o menos- Pop /
_cJoaquín Merino.
250 _a[1ª ed.].
260 _aBarcelona :
_bMarte,
_c1973.
300 _a265 p., 24 lám. ;
_c21 cm.
852 _aES-MaACL
_jC-55483
_bR.88115
999 _c102542
_d102542